Elements of project management : (Record no. 9551)

MARC details
000 -LEADER
fixed length control field 00653pam a2200229 a 4500
001 - CONTROL NUMBER
control field 1541175
003 - CONTROL NUMBER IDENTIFIER
control field OSt
005 - DATE AND TIME OF LATEST TRANSACTION
control field 20251008162239.0
008 - FIXED-LENGTH DATA ELEMENTS--GENERAL INFORMATION
fixed length control field 910425s1992 njua 001 0 eng
020 ## - INTERNATIONAL STANDARD BOOK NUMBER
International Standard Book Number 0132532468
020 ## - INTERNATIONAL STANDARD BOOK NUMBER
International Standard Book Number 0132532468
040 ## - CATALOGING SOURCE
Transcribing agency MUST
082 00 - DEWEY DECIMAL CLASSIFICATION NUMBER
Classification number 658.4 SPI 1992
Edition number 2nd
100 1# - MAIN ENTRY--PERSONAL NAME
Personal name Spinner, M.
9 (RLIN) 19441
245 10 - TITLE STATEMENT
Title Elements of project management :
Remainder of title plan, schedule, and control /
Statement of responsibility, etc. M. Pete Spinner.
250 ## - EDITION STATEMENT
Edition statement 2nd ed.
260 ## - PUBLICATION, DISTRIBUTION, ETC. (IMPRINT)
Place of publication, distribution, etc. Englewood Cliffs, N.J. :
Name of publisher, distributor, etc. Prentice Hall,
Date of publication, distribution, etc. c1992.
300 ## - PHYSICAL DESCRIPTION
Extent xii, 211 p. :
Other physical details ill. ;
Dimensions 24 cm.
500 ## - GENERAL NOTE
General note Includes index.
650 #0 - SUBJECT ADDED ENTRY--TOPICAL TERM
Topical term or geographic name as entry element Project management.
9 (RLIN) 5305
942 ## - ADDED ENTRY ELEMENTS (KOHA)
Source of classification or shelving scheme Dewey Decimal Classification
Koha item type Open Shelf
Holdings
Withdrawn status Lost status Source of classification or shelving scheme Damaged status Not for loan Home library Current library Date acquired Source of acquisition Inventory number Total Checkouts Full call number Barcode Date last seen Price effective from Koha item type
    Dewey Decimal Classification     MUST Main Library MUST Main Library 08/10/2025 Purchase 98/11759   658.4 SPI 1992 2025-0101 08/10/2025 08/10/2025 Open Shelf